LEADER 01814nam 2200565 450 001 9910818928103321 005 20230922041217.0 010 $a607-8560-82-4 010 $a1-5129-7583-4 035 $a(CKB)5310000000008536 035 $a(OCoLC)1258693292 035 $a(NyNyDIG)DIGBONART0157 035 $a(MiAaPQ)EBC6770868 035 $a(OCoLC)1230507267 035 $a(FINmELB)ELB121332 035 $a(MiAaPQ)EBC6992105 035 $a(Au-PeEL)EBL6992105 035 $a(EXLCZ)995310000000008536 100 $a20201221h20172017 uy 0 101 0 $aspa 135 $aur||||||||||| 181 $ctxt$2rdacontent 182 $cc$2rdamedia 183 $acr$2rdacarrier 200 10$aEspan?a y su mundo en los siglos de oro $ecronologi?a de hechos poli?ticos y culturales /$fAgusti?n Rivero Franyutti 205 $a1st ed. 210 1$aMe?xico :$cBonilla Artigas Editores ;$aCuernavaca, Morelos :$cUniversidad Auto?noma del Estado de Morelos,$d2017. 210 4$d©2017 215 $a1 online resource 225 0 $aColeccio?n pu?blica histo?rica ;$v310 311 $a607-8560-14-X 320 $aIncluye bibliografi?a: pa?ginas 361-370 e i?ndice. 410 0$aPu?blicahisto?rica ;$v10. 606 $aEspan?a$vCronologi?a 606 $aEspan?a$xCivilizacio?n 606 $aEspan?a$xHistoria$vFuentes 607 $aSpain$xCivilization 607 $aSpain$xHistory 608 $aLibros electronicos. 615 4$aEspan?a 615 4$aEspan?a$xCivilizacio?n. 615 4$aEspan?a$xHistoria 676 $a946.04 700 $aRivero Franyutti$b Agusti?n$01606537 801 0$bFINmELB 801 1$bFINmELB 906 $aBOOK 912 $a9910818928103321 996 $aEspan?a y su mundo en los siglos de oro$93932368 997 $aUNINA LEADER 05217oam 2201249 c 450 001 9910433250403321 005 20260302090207.0 010 $a9783732851584 010 $a3732851583 010 $a9783839451588 010 $a3839451582 024 7 $a10.14361/9783839451588 035 $a(CKB)4100000011249221 035 $a(DE-B1597)546282 035 $a(DE-B1597)9783839451588 035 $a(OCoLC)1158109087 035 $a(ScCtBLL)9eeeaf66-ed5e-46ab-ae56-9543dff1d6fb 035 $a(MiAaPQ)EBC6753120 035 $a(Au-PeEL)EBL6753120 035 $a(transcript Verlag)9783839451588 035 $a(MiAaPQ)EBC6956160 035 $a(Au-PeEL)EBL6956160 035 $a(oapen)https://directory.doabooks.org/handle/20.500.12854/27341 035 $a(MiAaPQ)EBC30591599 035 $a(Au-PeEL)EBL30591599 035 $a(Perlego)1796408 035 $a(oapen)doab27341 035 $a(EXLCZ)994100000011249221 100 $a20260302d2020 uy 0 101 0 $ager 135 $aur||||||||||| 181 $ctxt$2rdacontent 182 $cc$2rdamedia 183 $acr$2rdacarrier 200 10$aStuttgart 21 ? eine Rekonstruktion der Proteste$eSoziale Bewegungen in Zeiten der Postdemokratie$fJulia von Staden 205 $a1st ed. 210 $aBielefeld$ctranscript Verlag$d2020 215 $a1 online resource (256 p.) 225 0 $aSoziale Bewegung und Protest 300 $aA teaching play for protest research: key events and dynamics of the social movement against "S21". 311 08$a9783837651584 311 08$a3837651584 327 $aFrontmatter 1 Inhalt 5 Abku?rzungsverzeichnis 11 Danksagung 13 1. Einleitung 15 2. Theoretische Fundierung 23 3. Methodologische Konzeptualisierung und Operationalisierung 51 4. Ausgangslage und Beginn der Massenproteste gegen Stuttgart 21 61 5. Eskalation am ?Schwarzen Donnerstag? 89 6. Das Schlichtungsverfahren 111 7. U?berho?htes Vertrauen der Protestbewegung in eine neue Landesregierung 141 8. Die Volksabstimmung als konfliktbefriedendes Verfahren 165 9. Schlussbetrachtung 189 Anhang 213 Literatur- und Quellenverzeichnis 225 Abbildungsverzeichnis 253 330 $aDie Konflikte um das Großprojekt »Stuttgart 21« verdeutlichen exemplarisch, wie Protestbewegungen das postdemokratische Zusammenspiel von Staat und Wirtschaft herausfordern. Bürgerbeteiligung und Kostentransparenz sind seither nahezu obligatorisch, dabei hat die Bewegung gegen »S21« ihr eigentliches Ziel, das Bahn- und Immobilienprojekt zu stoppen, verfehlt, trotz scheinbar positiver Ausgangslage. Anhand von Schlüsselereignissen im Konflikt um das Großprojekt rekonstruiert Julia von Staden die Dynamiken und Diskurse dieser sozialen Bewegung. Diese Untersuchung stellt in ihrer Art eine Neuheit in der Protest- und Bewegungsforschung dar und ist gleichzeitig ein Lehrstück für andere soziale Bewegungen. 330 1 $aBesprochen in:www.kultura-extra.de, 05.07.2020, Thomas Rothschildhttps://partizipendium.de, 10.07.2020, Andreas Paust 410 $aSoziale Bewegung und Protest 517 2 $avon Staden, Stuttgart 21 ? eine Rekonstruktion$eSoziale Bewegungen in Zeiten der Postdemokratie 606 $aStuttgart 21 606 $aGroßprojekte 606 $aMajor Projects 606 $aPost-democracy 606 $aPostdemokratie 606 $aBürgerbeteiligung 606 $aCitizen Participation 606 $aSoziale Bewegungen 606 $aSocial Movements 606 $aProtest 606 $aZiviler Ungehorsam 606 $aCivil Disobedience 606 $aZivilgesellschaft 606 $aCivil Society 606 $aStadt 606 $aCity 606 $aPolitics 606 $aPolitik 606 $aPolitische Soziologie 606 $aPolitical Sociology 606 $aUrban Studies 606 $aRaum 606 $aSpace 606 $aPolitikwissenschaft 606 $aPolitical Science 615 4$aStuttgart 21 615 4$aGroßprojekte 615 4$aMajor Projects 615 4$aPost-democracy 615 4$aPostdemokratie 615 4$aBürgerbeteiligung 615 4$aCitizen Participation 615 4$aSoziale Bewegungen 615 4$aSocial Movements 615 4$aProtest 615 4$aZiviler Ungehorsam 615 4$aCivil Disobedience 615 4$aZivilgesellschaft 615 4$aCivil Society 615 4$aStadt 615 4$aCity 615 4$aPolitics 615 4$aPolitik 615 4$aPolitische Soziologie 615 4$aPolitical Sociology 615 4$aUrban Studies 615 4$aRaum 615 4$aSpace 615 4$aPolitikwissenschaft 615 4$aPolitical Science 676 $a020 686 $aMG 17092$2rvk 700 $avon Staden$b Julia$p
Julia von Staden, Goethe-Universität Frankfurt am Main, Deutschland
$4aut$01888435 712 02$atranscript: Open Library 2020 (Politik)$4fnd$4http://id.loc.gov/vocabulary/relators/fnd 801 0$bDE-B1597 801 1$bDE-B1597 906 $aBOOK 912 $a9910433250403321 996 $aStuttgart 21 ? eine Rekonstruktion der Proteste$94527311 997 $aUNINA